Electroweak physics beyond the standard model : (Record no. 12220)

MARC details
000 -LEADER
fixed length control field 01285cam a2200301 i 4500
001 - CONTROL NUMBER
control field 14055498
003 - CONTROL NUMBER IDENTIFIER
control field EG-ScBUE
005 - DATE AND TIME OF LATEST TRANSACTION
control field 20250618084949.0
008 - FIXED-LENGTH DATA ELEMENTS--GENERAL INFORMATION
fixed length control field 050728t1992 si a f b 000 0 eng d
020 ## - INTERNATIONAL STANDARD BOOK NUMBER
International Standard Book Number 9810240686
035 ## - SYSTEM CONTROL NUMBER
System control number (OCoLC)ocm43500092
040 ## - CATALOGING SOURCE
Original cataloging agency JCS
Language of cataloging eng
Description conventions rda
Transcribing agency JCS
Modifying agency NLC
-- TXA
-- IQU
-- DLC
-- EG-ScBUE
082 04 - DEWEY DECIMAL CLASSIFICATION NUMBER
Classification number 539.7544
Edition number 22
Item number ELE
111 2# - MAIN ENTRY--MEETING NAME
Meeting name or jurisdiction name as entry element International Workshop on Electroweak Physics beyond the Standard Model
Date of meeting 2-5 Oct 1991
Location of meeting Valencia, Spain,
9 (RLIN) 7644
245 10 - TITLE STATEMENT
Title Electroweak physics beyond the standard model :
Remainder of title international workshop on electroweak physics beyond the standard model. Valencia, Spain, 2-5 Oct 1991 /
Statement of responsibility, etc J. W. Valle & J. Velasco
264 #1 - PUBLICATION, DISTRIBUTION, ETC. (IMPRINT)
Place of publication, distribution, etc Singapore :
Name of publisher, distributor, etc World Scientific,
Date of publication, distribution, etc [1992]
264 #4 - PUBLICATION, DISTRIBUTION, ETC. (IMPRINT)
Date of publication, distribution, etc c1992
300 ## - PHYSICAL DESCRIPTION
Extent ix, 502 pages :
Other physical details illustrations ;
Dimensions 23 cm
336 ## - CONTENT TYPE
Source rdacontent
Content type term text
Content type code txt
337 ## - MEDIA TYPE
Media type term unmediated
Source rdamedia
Media type code n
338 ## - CARRIER TYPE
Carrier type term volume
Carrier type code nc
Source rdacarrier
504 ## - BIBLIOGRAPHY, ETC. NOTE
Bibliography, etc Includes bibliographical references.
650 #7 - SUBJECT ADDED ENTRY--TOPICAL TERM
Topical term or geographic name as entry element Electroweak interactions
Form subdivision Congresses.
Source of heading or term BUEsh
9 (RLIN) 7645
655 ## - INDEX TERM--GENRE/FORM
Form subdivision Reading book
856 42 - ELECTRONIC LOCATION AND ACCESS
Materials specified List of Institute papers in Spires
Uniform Resource Identifier <a href="http://www.slac.stanford.edu/spires/find/hep?cnum=C99-02-14">http://www.slac.stanford.edu/spires/find/hep?cnum=C99-02-14</a>
942 ## - ADDED ENTRY ELEMENTS (KOHA)
Source of classification or shelving scheme Dewey Decimal Classification
Koha item type Book - Borrowing
Holdings
Withdrawn status Lost status Source of classification or shelving scheme Damaged status Not for loan Collection code Home library Current library Shelving location Date acquired Source of acquisition Cost, normal purchase price Serial Enumeration / chronology Total Checkouts Full call number Barcode Date last seen Koha item type
    Dewey Decimal Classification     Alahram Central Library Central Library First floor 06/07/2009 Purchase 382.60 72   539.7544 ELE 000017215 15/07/2025 Book - Borrowing